Catálogo

Vista normal Vista MARC

Entrada Personal Name

Número de registros utilizados en: 1

001 - CONTROL NUMBER

  • control field: 17079

003 - CONTROL NUMBER IDENTIFIER

  • control field: DLC

005 - DATE AND TIME OF LATEST TRANSACTION

  • control field: 20250516100338.0

008 - FIXED-LENGTH DATA ELEMENTS

  • fixed length control field: 830412n| azannaabn |a aaa

010 ## - LIBRARY OF CONGRESS CONTROL NUMBER

  • LC control number: n 83018113

035 ## - SYSTEM CONTROL NUMBER

  • System control number: (OCoLC)oca00911356

040 ## - CATALOGING SOURCE

  • Original cataloging agency: DLC
  • Language of cataloging: spa
  • Description conventions: rda
  • Transcribing agency: Mx-PuUPA
  • Modifying agency: OCoLC
  • Modifying agency: DLC
  • Modifying agency: HU
  • Modifying agency: Mx-PuUPA

100 1# - HEADING--PERSONAL NAME

  • Personal name: Pastor Ridruejo, José Antonio,

370 ## - ASSOCIATED PLACE

  • Associated country: España
  • Source of term: naf

372 ## - FIELD OF ACTIVITY

  • Field of activity: Derecho internacional
  • Field of activity: Derecho
  • Source of term: lcsh

373 ## - ASSOCIATED GROUP

  • Associated group: Spain. Ministerio de Asuntos Exteriores y Cooperación. Asesoría Jurídica Internacional

373 ## - ASSOCIATED GROUP

  • Associated group: Universidad Complutense de Madrid
  • Source of term: naf

374 ## - OCCUPATION

  • Occupation: Profesores de derecho
  • Occupation: Abogado
  • Occupation: Autor
  • Source of term: lcsh

375 ## - GENDER

  • Gender: hombre

377 ## - ASSOCIATED LANGUAGE

  • Language code: spa

400 1# - SEE FROM TRACING--PERSONAL NAME

  • Personal name: Ridruejo, José Antonio Pastor

670 ## - SOURCE DATA FOUND

  • Source citation: His La jurisprudencia del Tribunal Internacional de La Haya, 1962.

670 ## - SOURCE DATA FOUND

  • Source citation: España y la práctica del derecho internacional, 2014 :
  • Information found: p. 55 (José Antonio Pastor Ridruejo. Catedrático de Derecho Internacional Público, Universidad Complutense de Madrid. Jefe de la Asesoría Jurídica Internacional (1986-1998))